00337pab a2200121 454500008004000000100001800040245006900058260000900127300001300136362001100149650002100160773003400181180718b2010 xxu||||| |||| 00| 0 eng d aHaragopal, G. aThe Telangana people's movement: The unfolding political culture c2010 ap.51-60. a16 Oct aSocial movements aEconomic and Political Weekly